ARRUPE JESUIT UNIVERSITY

CORONAVIRUS -STOP THE SPREAD - CLEAN,DISINFECT,COVER

Must we suffer our way to death? : (Record no. 119274)

MARC details
000 -LEADER
fixed length control field 01339pam a2200325 a 4500
001 - CONTROL NUMBER
control field 689594
003 - CONTROL NUMBER IDENTIFIER
control field ARRUPE
005 - DATE AND TIME OF LATEST TRANSACTION
control field 20131216124931.0
008 - FIXED-LENGTH DATA ELEMENTS--GENERAL INFORMATION
fixed length control field 960311s1996 txu b 001 0 eng
010 ## - LIBRARY OF CONGRESS CONTROL NUMBER
LC control number 96013818
020 ## - INTERNATIONAL STANDARD BOOK NUMBER
International Standard Book Number 0870743929 (cloth : alk. paper)
020 ## - INTERNATIONAL STANDARD BOOK NUMBER
International Standard Book Number 0870743937 (pbk. : alk. paper)
040 ## - CATALOGING SOURCE
Original cataloging agency DLC
Transcribing agency DLC
Modifying agency DLC
050 00 - LIBRARY OF CONGRESS CALL NUMBER
Classification number R726
Item number .M87 1996
082 00 - DEWEY DECIMAL CLASSIFICATION NUMBER
Classification number 174/.24
Edition number 20
300 ## - PHYSICAL DESCRIPTION
Dimensions 24 cm.
245 00 - TITLE STATEMENT
Title Must we suffer our way to death? :
Remainder of title cultural and theological perspectives on death by choice /
Statement of responsibility, etc edited by Ronald P. Hamel, Edwin R. DuBose.
250 ## - EDITION STATEMENT
Edition statement 1st ed.
260 ## - PUBLICATION, DISTRIBUTION, ETC. (IMPRINT)
Place of publication, distribution, etc Dallas, Tex. :
Name of publisher, distributor, etc Southern Methodist University Press,
Date of publication, distribution, etc 1996.
300 ## - PHYSICAL DESCRIPTION
Extent xii, 355 p. ;
500 ## - GENERAL NOTE
General note "A book from the Park Ridge Center for the Study of Health, Faith, and Ethics."
504 ## - BIBLIOGRAPHY, ETC. NOTE
Bibliography, etc Includes bibliographical references and index.
650 #0 - SUBJECT ADDED ENTRY--TOPICAL TERM
Topical term or geographic name as entry element Assisted suicide
General subdivision Moral and ethical aspects.
9 (RLIN) 5736
650 #0 - SUBJECT ADDED ENTRY--TOPICAL TERM
Topical term or geographic name as entry element Euthanasia
General subdivision Moral and ethical aspects.
9 (RLIN) 5737
700 1# - ADDED ENTRY--PERSONAL NAME
Personal name Hamel, Ronald P.,
Dates associated with a name 1946-
9 (RLIN) 5738
700 1# - ADDED ENTRY--PERSONAL NAME
Personal name DuBose, Edwin R.
9 (RLIN) 5739
710 2# - ADDED ENTRY--CORPORATE NAME
Corporate name or jurisdiction name as entry element Park Ridge Center (Ill.)
9 (RLIN) 5740
906 ## - LOCAL DATA ELEMENT F, LDF (RLIN)
a 7
b cbc
c orignew
d 1
e ocip
f 19
g y-gencatlg
942 ## - ADDED ENTRY ELEMENTS (KOHA)
Source of classification or shelving scheme Library of Congress Classification
Koha item type Monograph ( Printed materials)
Holdings
Withdrawn status Lost status Source of classification or shelving scheme Damaged status Not for loan Home library Current library Shelving location Date acquired Total Checkouts Full call number Barcode Date last seen Date checked out Price effective from Koha item type
    Library of Congress Classification     ARRUPE LIBRARY ARRUPE LIBRARY Main Collection 16/12/2013 1 R726 .M87 1996 464122597 12/05/2022 22/04/2022 16/12/2013 Monograph ( Printed materials)

 

Arrupe Library. PO Box MP320 Mt Pleasant, Harare, Zimbabwe
263 242 745411|librarian@aju.ac.zw